02904cam a22004334a 450000100090000000300040000900500170001300800410003001000170007101500190008801500190010701500190012601600180014502000240016303500130018703500210020004000310022104200270025205000240027910000270030324500770033026000310040726400090043830000550044733600330050233700350053533800340057050400510060450513520065564800370200765000310204465000300207565000400210565000340214590600450217994200470222499900150227195201840228616377719OSt20260429160114.0100805s2009 enka b 001 0 eng  a 2010481838 aGBA9565362bnb a015-286252bnb aGBA-956532bnb7 a0152862552Uk a9780714849331qhbk. a16377719 a(OCoLC)390669726 aUKMcFoundation University aukblcatcopyalccopycat00aND 196.A2bN53 20091 aNickas, Robert.91571710aPainting abstraction :bnew elements in abstract painting /cBob Nickas. aLondon :bPhaidon,cc2009. 42009 a343 p. :bill. (some col.) ;c29 cm.3booksfbooks atextbtxt2rdacontent3books aunmediatedbn2rdamedia3books avolumebnc2rdacarrier3books aIncludes bibliographical references and index.00tHybrid picturesrKristin Baker, Lisa Beck, Alex Brown, Jules de Balincourt, Tomory Dodge, Jacob Feige, Chris Finley, Wayne Gonzales, Alex Hay, Carrie Moyer, Elizabeth Neel, David Ratcliff, Wilhelm Sasnal, Chris Vasell --tRhythm and opticalityrKarin Davie, Philippe Decrauzat, Xylor Jane, Alex Kwartler, David Malek, Anja Schwörer, James Siena, Esther Stocker, Philip Taaffe, John Tremblay, Dan Walsh, Chuck Webster --tColor and structurerJoanne Greenbaum, Mark Grotjahn, Mary Heilmann, Daniel Hesidence, Allison Miller, Odili Donald Odita, Ann Pibal, Bernd Ribbeck, Ruth Root, Alan Uglow, Stanley Whitney, Jens Wolf --tFound/eccentric abstractionrRichard Aldrich, John M. Armleder, Monika Baer, Francis Baudevin, Agnieszka Brzezanska, Mike Cloud, Daan van Golden, Chris Johanson, Tony Just, Marta Marcé, Monique Prieto, Alexander Ross, Sterling Ruby, Amy Sillman --tForm, space, and scalerTommy Abts, Varda Caivano, Kim Fisher, Katharina Grosse, Mamie Holst, Bill Komoski, Chris Martin, Julie Mehretu, Katy Moran, Olivier Mosset, Steven Parrino, Peter Peri, Thomas Scheibitz, Clare Woods --tThe act of paintingrBernard Frize, Wade Guyton, Charline von Heyl, Jacqueline Humphries, Nathan Hylden, Jutta Koether, Michael Krebber, R. H. Quaytman, Anselm Reyle, Josh Smith, Rudolf Stingel, Kelley Walker, Christopher Wool, Heimo Zobernig. 7aGeschichte 2004-20082swd915718 0aPainting, Abstract.91571917aSchilderijen.2gtt91572017aAbstracte schilderkunst2gtt91572107aAbstrakte Malerei2swd915722 a7bcbcccopycatd2encipf20gy-gencatlg 2lcccBKhND 196.A2 .i2009 N53k(DAFA-FA)  c5820d5820 00102lcc40708NFICaFOUNDATIONbFOUNDATIONcMAIN-DAFAd2026-04-29eDonationsl0o(DAFA-FA) ND 196.A2 .2009 N53p0192026003277r2026-04-29 16:01:01w2026-04-29yBKkDAFA-2026277